| 000 | 00649nam a22001697a 4500 | ||
|---|---|---|---|
| 008 | 250204b |||||||| |||| 00| 0 eng d | ||
| 020 | _a9781420073171 | ||
| 040 |
_aKABU _cKABU |
||
| 050 |
_aRS200 _b.P43 |
||
| 245 |
_aPharmaceutical preformulation and formulation: _ba practice guide from candidate drug selection to commercial dosage form / _cedited by Mark Gibson |
||
| 250 | _a2nd ed. | ||
| 260 |
_aNew York _bCRC Press, Taylor & Francis Group, _c2009. |
||
| 300 |
_ax, 541p. _bill.; includes bibliographical references and index |
||
| 440 |
_aDrugs and the pharmaceutical science _vVol. 199 |
||
| 650 | _aDrugs - Dosage forms | ||
| 942 |
_2lcc _cBK |
||
| 999 |
_c20610 _d20609 |
||